Choral director's guide

Αποθηκεύτηκε σε:
Λεπτομέρειες βιβλιογραφικής εγγραφής
Κύριοι συγγραφείς: Neidig, Kenneth L. (Συγγραφέας), Jennings, John W (Συγγραφέας)
Μορφή: Βιβλίο
Γλώσσα:Αγγλικά
Έκδοση: Nueva York Parker 1967
Θέματα:
Ετικέτες: Προσθήκη ετικέτας
Δεν υπάρχουν, Καταχωρήστε ετικέτα πρώτοι!

MARC

LEADER 00000nam a2200000 a 4500
001 UCN2699
003 CL-VaPUC
008 010531e19670000us |||||||||||||||||eng|d
082 0 4 |a 782.5145  |b NEI  |2 21 
100 |a Neidig, Kenneth L.  |e author  |9 458852 
700 0 |a Jennings, John W  |e author  |9 458825 
245 1 0 |a Choral director's guide 
300 |a 308 p 
942 |c BK 
945 |d 20010531 00:00:00  |a crobeson 
260 |a Nueva York  |b Parker  |c 1967 
650 0 |a Música coral   |9 327326 
650 0 |a Música vocal   |9 306287 
650 7 |a DIRECCION MUSICAL  |2 CL-VaPUC  |9 458826 
583 |a last modification  |c 20171204 12:29:55  |k Rodrigo Vera 
999 |c 295754  |d 295752 
952 |0 0  |1 0  |4 0  |6 782_514500000000000_NEI_1967  |7 0  |8 A  |9 349088  |a BIBEDU  |b BIBEDU  |d 2019-11-20  |i 1185462  |o 782.5145 NEI 1967  |p 1185462  |r 2022-01-17  |w 2019-11-20  |y BK  |k MUS 
952 |0 0  |1 0  |4 0  |6 782_514500000000000_NEI_1967  |7 0  |8 A  |9 349089  |a BIBEDU  |b BIBEDU  |d 2019-11-20  |i 1185470  |o 782.5145 NEI 1967  |p 1185470  |r 2022-01-17  |w 2019-11-20  |y BK  |k MUS